000 00621cam a2200145 4500500
005 20251228093424.0
041 _afre
042 _adc
100 1 0 _aRittersporn, Gábor T.
_eauthor
245 0 0 _aDietmar NEUTATZ Die Moskauer Metro Von den ersten Plänen bis zur Großbaustelle des Stalinismus (1897-1935) Böhlau, 2001, xvi-678p. (Beiträge zur Geschichte Osteuropas, 33)
260 _c2005.
500 _a24
786 0 _nCahiers du monde russe | Vol 46 | 4 | 2005-11-01 | p. 859m-990m | 1252-6576
856 4 1 _uhttps://shs.cairn.info/revue-cahiers-du-monde-russe-2005-4-page-859m?lang=fr&redirect-ssocas=7080
999 _c1604339
_d1604339